Kalkulačné metódy - analýza a kritéria výberu bakalárska práca

Uložené v:
Podrobná bibliografia
Hlavný autor: Semanová, Katarína
Korporativný autor: Podnikovohospodárska fakulta EU so sídlom v Košiciach. Katedra účtovníctva a financií
Ďalší autori: Kuruc, Dušan
Médium: Kniha
Jazyk:Slovak
Vydavateľské údaje: Košice 2010
Tagy: Pridať tag
Žiadne tagy, Buďte prvý, kto otaguje tento záznam!

MARC

LEADER 00000nbm a2200000 4500
001 0132909
005 20161109111453.2
041 0 |a slo 
044 |a SK 
245 1 0 |a Kalkulačné metódy - analýza a kritéria výberu  |b bakalárska práca  |c Katarína Semanová ; školiteľ: Dušan Kuruc 
264 1 |a Košice  |c 2010 
300 |a 46 s. 
100 1 |a Semanová, Katarína 
700 1 |a Kuruc, Dušan 
710 2 |a Podnikovohospodárska fakulta EU so sídlom v Košiciach. Katedra účtovníctva a financií